Researching Young People's Lives (Record no. 618098)

MARC details
000 -LEADER
fixed length control field 00862nam a2200181 4500
008 - FIXED-LENGTH DATA ELEMENTS--GENERAL INFORMATION
fixed length control field 260327b |||||||| |||| 00| 0 eng d
020 ## - INTERNATIONAL STANDARD BOOK NUMBER
ISBN 978-1412910569
Paper back/Hardbound PBK
082 ## - DEWEY DECIMAL CLASSIFICATION NUMBER
Classification number 305.235
Item number HEA
100 ## - MAIN ENTRY--AUTHOR NAME
Personal name Heath , Sue
245 ## - TITLE STATEMENT
Title Researching Young People's Lives
Statement of responsibility, etc \ Sue Heath
260 ## - PUBLICATION, DISTRIBUTION, ETC. (IMPRINT)
Place of publication USA
Name of publisher SAGE Publications Ltd
Year of publication 2009
300 ## - PHYSICAL DESCRIPTION
Number of Pages 224P.
500 ## - GENERAL NOTE
General note ′Researching young people′s lives will be useful to both the novice researcher and anyone interested in learning about new methods of practice′ - Youth Studies Australia<br/>Researching Young People′s Lives provides an overview of some of the key methodological challenges facing youth researchers and an introduction to the broad repertoire of methods used in youth-orientated research.
504 ## - BIBLIOGRAPHY, ETC. NOTE
Bibliography, etc Includes index
650 ## - SUBJECT ADDED ENTRY--TOPICAL TERM
Topical Term youth-orientated research
942 ## - ADDED ENTRY ELEMENTS (KOHA)
Koha item type Reference
Holdings
Withdrawn status Lost status Damaged status Not for loan Home library Current library Shelving location Date acquired Full call number Accession Number Price effective from Koha item type
        Anna Centenary Library Anna Centenary Library 3RD FLOOR, B WING 16.08.2010 305.235 HEA 160445 27.03.2026 Reference

Find us on the map